000 00344nam a2200157Ia 4500
003 OSt
005 20260518154448.0
008 241002s9999 xx 000 0 und d
040 _cAACR2
082 _a704.9423 NEW
100 _aNewton, Eric
245 4 _aThe Art of Mankind
260 _aNew York:
_c1967
600 _aArt
942 _cUC
_2ddc
999 _c18458
_d18458